| 000 | 00559nam a2200217Ia 4500 | ||
|---|---|---|---|
| 003 | GCL | ||
| 008 | 140319s9999 xx 000 0 eng d | ||
| 040 |
_aGCL / _cGCL |
||
| 082 | 0 | 4 |
_a613.7042 _bG G |
| 100 | 1 | _aGUSTAFSON, MARI LEE | |
| 245 | 1 | 0 |
_aGREAT GAMES FOR YOUNG PEOPLE / _cGUSTAFSON, MARI LEE |
| 700 | 1 | _aWOLH, SUE K. | |
| 700 | 1 | _aKING, CHERYL L. | |
| 260 |
_a[S.N] : _bHUMAN KINETICS BOOKS ، _c1991 |
||
| 300 | _a138 P | ||
| 650 | 0 | 4 | _aPHYSICAL EDUCATION |
| 650 | 0 | 4 | _aCHILDREN |
| 650 | 0 | 4 | _aEDUCATION |
| 650 | 0 | 4 | _aYOUTH |
| 942 |
_2ddc _cBK |
||
| 999 |
_c10347 _d10347 |
||